Normal view MARC view
  • Shiland, Betsy J.

Entry Personal Name

Number of records used in: 1

001 - CONTROL NUMBER

  • control field: 1337

003 - CONTROL NUMBER IDENTIFIER

  • control field: DLC

005 - DATE AND TIME OF LATEST TRANSACTION

  • control field: 20231208140327.0

008 - FIXED-LENGTH DATA ELEMENTS

  • fixed length control field: 021031n| azannaabn |n aaa

010 ## - LIBRARY OF CONGRESS CONTROL NUMBER

  • LC control number: n 2002136464

035 ## - SYSTEM CONTROL NUMBER

  • System control number: (DNLM)1187705

035 ## - SYSTEM CONTROL NUMBER

  • System control number: (OCoLC)oca05903059

040 ## - CATALOGING SOURCE

  • Original cataloging agency: DNLM
  • Language of cataloging: eng
  • Description conventions: rda
  • Transcribing agency: DNLM
  • Modifying agency: DNLM

100 1# - HEADING--PERSONAL NAME

  • Personal name: Shiland, Betsy J.

670 ## - SOURCE DATA FOUND

  • Source citation: Shiland, Betsy J. Mastering healthcare terminology, 2003:
  • Information found: CIP t.p. (Betsy J. Shiland, MS, RHIA, CPHQ, CTR; ass. prof., Health Information Technology, Community College of Philadelphia, Philadelphia, PA)